01230nam a2200277 a 450000100100000000500170001000800410002702000150006804000250008308200220010810000330013024500720016326000540023530000350028950000210032450400320034559000260037765100480040365100570045165100560050865100660056465100640063095201200069495201210081499900170093500003450020200930073732.0111005s2006 xxu r 000 0 spa d a080188330x aDO-SdBNPbspacBNPHU a327.730519bL477t1 aLee, Chae-Jin,d1936-95994110aA troubled peace :bU.S. policy and the two Koreas /cChae-Jin Lee. aBaltimore :bThe Johns Hopkins University Press,. axiv, 352 p. :bmapas ;c24 cm. aIncluye índice aBibliografía : p. 303-341 aInventariado, 2019/BT 4aEstados UnidosxRelaciones Exteriores91498 4aCoreaxRelaciones ExterioreszCorea Del Norte959942 4aCoreaxRelaciones ExterioreszEstados Unidos959943 4aCorea Del NortexRelaciones ExterioreszEstados Unidos959944 4aCorea Del SurxRelaciones ExterioreszEstados Unidos959945 001050718MOaGRbGRcHDd2011-10-05iLF1l0o327.730519 L477tp34500-10r2020-06-25w2020-06-25y1ZNo se presta 0010507-18MOaGRbGRcOId2011-10-05iLF1l0o327.730519 L477tp34501-10r2020-06-25w2020-06-25y1ZNo se presta c33991d33991